Matematika Cepat - Akar Kuadrat - Statistics

General Stats
  • This quiz has been taken 5 times
  • The average score is 13 of 20
Answer Stats
masalah jawaban % Correct
121 11
100%
169 13
100%
400 20
100%
441 21
100%
484 22
100%
529 23
100%
625 25
100%
676 26
100%
9 3
100%
16 4
100%
1681 41
100%
2025 45
100%
2809 53
100%
3025 55
100%
3136 56
100%
3249 57
100%
36 6
100%
49 7
100%
64 8
100%
81 9
100%
225 15
50%
361 19
50%
4 2
50%
576 24
50%
841 29
50%
1089 33
50%
1296 36
50%
1444 38
50%
1849 43
50%
2601 51
50%
3600 60
50%
2116 46
33%
1 1
0%
100 10
0%
144 12
0%
196 14
0%
256 16
0%
289 17
0%
324 18
0%
729 27
0%
784 28
0%
900 30
0%
961 31
0%
1024 32
0%
1156 34
0%
1225 35
0%
1369 37
0%
1521 39
0%
1600 40
0%
1764 42
0%
1936 44
0%
2209 47
0%
2304 48
0%
2401 49
0%
25 5
0%
2500 50
0%
2704 52
0%
2916 54
0%
3364 58
0%
3481 59
0%
No matching quizzes found
Score Distribution
Percent of People with Each Score
Percentile by Number Answered
Your Score History
You have not taken this quiz